Statistiken für Stadtteile von Freiburg im Breisgau

Klicken Sie hier um das Quiz zu spielen!

Allgemein

  • Dieses Quiz wurde 414 mal gespielt
  • Das Durchschnittsergebnis liegt bei 17 aus 28

Antwortstatistiken

HintAntwort% Korrekt
Littenweiler
88%
Wiehre
86%
Zähringen
83%
Vauban
80%
Haslach
78%
Herdern
76%
Landwasser
76%
St. Georgen
75%
Stühlinger
74%
Weingarten
71%
Altstadt
70%
Rieselfeld
70%
Günterstal
63%
Betzenhausen
57%
Ebnet
56%
Lehen
55%
Brühl
50%
Kappel
50%
Mooswald
47%
Opfingen
46%
Tiengen
45%
Waldsee
45%
Hochdorf
43%
Munzingen
40%
Oberau
40%
Waltershofen
36%
Neuburg
35%
Mundenhof
28%

Verteilung der Resultate

Perzentil nach korrekt beantworteten Fragen

Anzahl Personen mit jedem Resultat

Ihre Resultats-Entwicklung

Sie haben dieses Quiz noch nicht gespielt